000 00774nam a22002777a 4500
003 CHAP
005 20220329132946.0
008 971013s1989 r 00010 d
010 _a670
011 _a1642
035 _a818
040 _cCHAP
090 _aFolleto 12441
100 0 0 _aCrissman, Charles C.
_928983
245 _aSeed potato systems in the Philippines
_b: A case study
260 _aLima :
_bCentro Internacional de la Papa,
_c1989
300 _a68 p.
500 _a37-144
590 _aBATCH-UPD
_b10
_c20130110
_lUCH01
_h1545
590 _aCONVERSION
_b10
_c20130109
_lUCH01
_h1302
650 1 4 _aPapa
_xFilipinas.
_985237
650 1 4 _aPapa
_xSemilla.
_985288
901 _aBK
942 _cFOLL
949 _aFolleto 12441
_bBC
_cFOLL
_d-10277
_eTS1
_i818
_mD
_si
999 _c670
_d670